| 000 | 00734nam a22002657a 4500 | ||
|---|---|---|---|
| 999 |
_c1099 _d1099 |
||
| 001 | 8324 | ||
| 003 | BD-DhUAP | ||
| 005 | 20210119130743.0 | ||
| 008 | 200202s1999 enk 001 0 eng | ||
| 020 | _a1858363519 | ||
| 040 |
_aDLC _cDLC _dBD-DhUAP _bEng |
||
| 082 | 0 | 0 |
_223 _a349.4 ENG |
| 245 | 1 | 0 |
_aEnglish and European legal systems / _cConsultant editor Lord Templeman ; edited by Charles P Reed. |
| 250 | _a1st ed. | ||
| 260 |
_aLondon : _bOld Bailey Press, _cc1999. |
||
| 300 |
_axxiv, 337 pages ; _c26 cm. |
||
| 500 | _aIncludes index. | ||
| 650 | _aLaw. | ||
| 650 | _aEuropean Union countries. | ||
| 651 | _aEngland. | ||
| 700 | _aTempleman, Lord. | ||
| 700 | _aReed, Charles P. | ||
| 942 |
_2ddc _cBK |
||